| 000 | 00642nam a2200205 4500 | ||
|---|---|---|---|
| 001 | 138215 | ||
| 003 | ES-MaACL | ||
| 005 | 20231228205103.0 | ||
| 007 | t| | ||
| 008 | 070214s1958 sp r ||||1| spa d | ||
| 100 | 1 |
_aSánchez-Silva, José María, _d1911-2002 _9102940 |
|
| 245 | 1 | 0 |
_aTres novelas y pico / _cSánchez-Silva. |
| 260 |
_aMadrid : _bAfrodisio Aguado, _c[1958] |
||
| 300 |
_a249 p. ; _c19 cm. |
||
| 490 | 1 | _aGalería de novelistas actuales | |
| 500 | _aPremio Nacional de Literatura. | ||
| 830 | 0 |
_aGalería de novelistas actuales _9220142 |
|
| 852 |
_aES-MaACL _jC-13840 _bR.41770 |
||
| 999 |
_c138215 _d138215 |
||